El rol parental, cuando un hijo tiene síndrome de déficit atencional e hiperactividad, desde la narrativa de los padres y el niño.

Detalles Bibliográficos
Autor principal: Olivares A., Ximena
Otros Autores: Carrasco, Beatriz Profesora guía, Lazcano, Pablo Profesor informante, Padilla Ballesteros, Elías (profesor metodólogo)
Formato: Tesis
Lenguaje:inglés
Publicado: Santiago, Chile Universidad Academia de Humanismo Cristiano 2002
Acceso en línea:Disponible en línea (PDF). Biblioteca Digital UAHC

MARC

LEADER 00000cam a2200000 a 4500
001 047348
003 UAHC_CL
005 20230314114705.0
008 020410b xx j 000 1 eng
040 |a UAHC_CL  |c UAHC_CL  |d UAHC_CL 
100 1 |a Olivares A., Ximena 
245 1 3 |a El rol parental, cuando un hijo tiene síndrome de déficit atencional e hiperactividad, desde la narrativa de los padres y el niño. 
260 |b Universidad Academia de Humanismo Cristiano  |c 2002  |a Santiago, Chile 
300 |a 217 p. 
500 |a Tesis para optar al Grado de Licenciada en Psicología y el título de Psicóloga 
525 |a Tesis disponible en formato electrónico. Solicitar en Referencia o vía correo electrónico a: lopazo@academia.cl 
700 1 |a Carrasco, Beatriz  |c Profesora guía 
700 1 |a Lazcano, Pablo  |c Profesor informante 
700 1 |a Padilla Ballesteros, Elías  |e profesor metodólogo 
856 |u http://bibliotecadigital.academia.cl/xmlui/handle/123456789/425  |3 Disponible en línea (PDF). Biblioteca Digital UAHC  |y Disponible en línea (PDF). Biblioteca Digital UAHC 
900 |a TPSICO 47 
942 |c TS 
952 |0 0  |1 0  |4 0  |6 TPSICO_47_000000000000000  |7 0  |8 General  |9 85279  |a BC  |b BC  |c General  |d 2017-08-03  |l 0  |o TPSICO 47  |p 1381828  |r 2019-01-15 00:00:00  |t 1  |w 2017-08-03  |y BK 
999 |c 47348  |d 47348